Miasta województwa Warmińsko-Mazurskiego według opisu - Statystyki

Ogólne statystyki
  • Ten quiz został rozwiązany 25 razy
  • Średni wynik to 3 z 6
Statystyki odpowiedzi
Opis Miasto % Poprawnych
Miasto to słynie ze szkół milicyjnych (dziś policyjnych) Szczytno
91%
Najstarsze miasto w województwie Elbląg
74%
Niemiecka nazwa to Bischofsburg Biskupiec
35%
Herb tego miasta przedstawia rycerza w złotej broni na koniu, zabijającego smoka Ostróda
30%
Znajduje się niedaleko Jeziora Luterskiego i leży nad rzeką Symsarną. Jeziorany
26%
Pierwotnie miasto to było grodem pruskim na obszarze Ziemi Sasinów Lubawa
22%
Nie znaleziono quizów pasujących do podanych kryteriów
Rozkład punktacji
Procent ludzi z każdym wynikiem
Percentyl według liczby udzielonych odpowiedzi
Twoja historia wyników
Nie rozwiązałeś tego quizu